LIBRARY & INFORMATION CENTRE, KCAET, TAVANUR

ONLINE PUBLIC ACCESS CATALOGUE (OPAC)

Ahankar / (Record no. 11489)

MARC details
000 -LEADER
fixed length control field 00319cam a2200133ua 4500
041 ## - LANGUAGE CODE
Language code of text/sound track or separate title eng
082 ## - DEWEY DECIMAL CLASSIFICATION NUMBER
Classification number 891.54
Item number FRA/AH
100 ## - MAIN ENTRY--AUTHOR NAME
Personal name France, anathol .
245 ## - TITLE STATEMENT
Title Ahankar /
260 ## - PUBLICATION, DISTRIBUTION, ETC. (IMPRINT)
Place of publication Ilhabad :
Name of publisher Hams Prakashan ,
Year of publication 1961.
300 ## - PHYSICAL DESCRIPTION
Number of Pages 154 ; .

No items available.

free website counter